<?xml version="1.0" encoding="UTF-8"?>
<record
    xmlns:xsi="http://www.w3.org/2001/XMLSchema-instance"
    xsi:schemaLocation="http://www.loc.gov/MARC21/slim http://www.loc.gov/standards/marcxml/schema/MARC21slim.xsd"
    xmlns="http://www.loc.gov/MARC21/slim">

  <leader>01573nam a2200361   4500</leader>
  <datafield tag="999" ind1=" " ind2=" ">
    <subfield code="c">15955</subfield>
    <subfield code="d">15955</subfield>
  </datafield>
  <controlfield tag="005">20190802102208.0</controlfield>
  <datafield tag="010" ind1=" " ind2=" ">
    <subfield code="a">B-310261-271    B-710582   B-719516    B-728295</subfield>
  </datafield>
  <datafield tag="020" ind1=" " ind2=" ">
    <subfield code="a">9780330439091</subfield>
    <subfield code="c">395.00</subfield>
  </datafield>
  <datafield tag="020" ind1=" " ind2=" ">
    <subfield code="c">599.00</subfield>
  </datafield>
  <datafield tag="035" ind1=" " ind2=" ">
    <subfield code="a">B-310261-271</subfield>
  </datafield>
  <datafield tag="035" ind1=" " ind2=" ">
    <subfield code="a">B-359064</subfield>
  </datafield>
  <datafield tag="035" ind1=" " ind2=" ">
    <subfield code="a">B-710582</subfield>
  </datafield>
  <datafield tag="035" ind1=" " ind2=" ">
    <subfield code="a">B-719516</subfield>
  </datafield>
  <datafield tag="035" ind1=" " ind2=" ">
    <subfield code="a">B-728295</subfield>
  </datafield>
  <datafield tag="037" ind1=" " ind2=" ">
    <subfield code="b">GDMK</subfield>
  </datafield>
  <datafield tag="037" ind1=" " ind2=" ">
    <subfield code="b">RK Books</subfield>
  </datafield>
  <datafield tag="037" ind1=" " ind2=" ">
    <subfield code="b">Aksharesh Enterprises</subfield>
  </datafield>
  <datafield tag="082" ind1=" " ind2=" ">
    <subfield code="a">954</subfield>
  </datafield>
  <datafield tag="100" ind1=" " ind2=" ">
    <subfield code="a">Basham, A. L.</subfield>
    <subfield code="q">(Arthur Llewellyn)</subfield>
  </datafield>
  <datafield tag="245" ind1=" " ind2=" ">
    <subfield code="a">The wonder that was India:</subfield>
    <subfield code="b">a survey of the history and culture of the Indian sub-continent before the coming of the Muslims /</subfield>
    <subfield code="c">by A. L. Basham</subfield>
  </datafield>
  <datafield tag="250" ind1=" " ind2=" ">
    <subfield code="a">3rd rev. ed</subfield>
  </datafield>
  <datafield tag="260" ind1=" " ind2=" ">
    <subfield code="a">London</subfield>
    <subfield code="b">Picador </subfield>
    <subfield code="c">2004</subfield>
  </datafield>
  <datafield tag="270" ind1=" " ind2=" ">
    <subfield code="a">20 New Wharf Road</subfield>
    <subfield code="b">London</subfield>
    <subfield code="e">N1 9RR</subfield>
  </datafield>
  <datafield tag="300" ind1=" " ind2=" ">
    <subfield code="a">xxxi, 572p.:</subfield>
    <subfield code="b">ill.</subfield>
    <subfield code="c">23cm(pbk)</subfield>
  </datafield>
  <datafield tag="500" ind1=" " ind2=" ">
    <subfield code="a">Maps on endpapers.</subfield>
  </datafield>
  <datafield tag="504" ind1=" " ind2=" ">
    <subfield code="a">includes bibliographical references and index.</subfield>
  </datafield>
  <datafield tag="942" ind1=" " ind2=" ">
    <subfield code="2">ddc</subfield>
    <subfield code="c">EN</subfield>
    <subfield code="h">954</subfield>
    <subfield code="m">BAS</subfield>
  </datafield>
  <datafield tag="952" ind1=" " ind2=" ">
    <subfield code="0">0</subfield>
    <subfield code="1">0</subfield>
    <subfield code="2">ddc</subfield>
    <subfield code="4">0</subfield>
    <subfield code="7">0</subfield>
    <subfield code="8">NFIC</subfield>
    <subfield code="a">L</subfield>
    <subfield code="b">L</subfield>
    <subfield code="d">2009-04-16</subfield>
    <subfield code="e">GDMK /113 /12.1.09 /233 /12.12.08 /13.1.09</subfield>
    <subfield code="g">395.00</subfield>
    <subfield code="l">0</subfield>
    <subfield code="o">954 BAS</subfield>
    <subfield code="p">B-310261</subfield>
    <subfield code="r">2008-09-29 00:00:00</subfield>
    <subfield code="t">1</subfield>
    <subfield code="v">395.00</subfield>
    <subfield code="w">2008-09-29</subfield>
    <subfield code="y">EN</subfield>
  </datafield>
  <datafield tag="952" ind1=" " ind2=" ">
    <subfield code="0">0</subfield>
    <subfield code="1">0</subfield>
    <subfield code="2">ddc</subfield>
    <subfield code="4">0</subfield>
    <subfield code="7">0</subfield>
    <subfield code="8">NFIC</subfield>
    <subfield code="a">M</subfield>
    <subfield code="b">M</subfield>
    <subfield code="d">2009-04-16</subfield>
    <subfield code="e">GDMK /113 /12.1.09 /233 /12.12.08 /13.1.09</subfield>
    <subfield code="g">395.00</subfield>
    <subfield code="l">0</subfield>
    <subfield code="o">954 BAS</subfield>
    <subfield code="p">B-310262</subfield>
    <subfield code="r">2009-04-16 00:00:00</subfield>
    <subfield code="t">2</subfield>
    <subfield code="v">395.00</subfield>
    <subfield code="w">2009-04-16</subfield>
    <subfield code="y">EN</subfield>
  </datafield>
  <datafield tag="952" ind1=" " ind2=" ">
    <subfield code="0">0</subfield>
    <subfield code="1">0</subfield>
    <subfield code="2">ddc</subfield>
    <subfield code="4">0</subfield>
    <subfield code="7">0</subfield>
    <subfield code="8">NFIC</subfield>
    <subfield code="a">M</subfield>
    <subfield code="b">M</subfield>
    <subfield code="d">2009-04-16</subfield>
    <subfield code="e">GDMK /113 /12.1.09 /233 /12.12.08 /13.1.09</subfield>
    <subfield code="g">395.00</subfield>
    <subfield code="l">0</subfield>
    <subfield code="o">954 BAS</subfield>
    <subfield code="p">B-310263</subfield>
    <subfield code="r">2009-04-16 00:00:00</subfield>
    <subfield code="t">2</subfield>
    <subfield code="v">395.00</subfield>
    <subfield code="w">2009-04-16</subfield>
    <subfield code="y">EN</subfield>
  </datafield>
  <datafield tag="952" ind1=" " ind2=" ">
    <subfield code="0">0</subfield>
    <subfield code="1">0</subfield>
    <subfield code="2">ddc</subfield>
    <subfield code="4">0</subfield>
    <subfield code="7">0</subfield>
    <subfield code="8">NFIC</subfield>
    <subfield code="a">BL1</subfield>
    <subfield code="b">BL1</subfield>
    <subfield code="d">2009-04-16</subfield>
    <subfield code="e">GDMK /113 /12.1.09 /233 /12.12.08 /13.1.09</subfield>
    <subfield code="g">395.00</subfield>
    <subfield code="l">2</subfield>
    <subfield code="o">954 BAS</subfield>
    <subfield code="p">B-310264</subfield>
    <subfield code="r">2020-10-07 00:00:00</subfield>
    <subfield code="s">2020-02-27</subfield>
    <subfield code="t">1</subfield>
    <subfield code="v">395.00</subfield>
    <subfield code="w">2009-04-16</subfield>
    <subfield code="y">EN</subfield>
  </datafield>
  <datafield tag="952" ind1=" " ind2=" ">
    <subfield code="0">0</subfield>
    <subfield code="1">0</subfield>
    <subfield code="2">ddc</subfield>
    <subfield code="4">0</subfield>
    <subfield code="7">0</subfield>
    <subfield code="8">NFIC</subfield>
    <subfield code="a">KGM</subfield>
    <subfield code="b">KGM</subfield>
    <subfield code="d">2009-04-16</subfield>
    <subfield code="e">GDMK /113 /12.1.09 /233 /12.12.08 /13.1.09</subfield>
    <subfield code="g">395.00</subfield>
    <subfield code="l">1</subfield>
    <subfield code="o">954 BAS</subfield>
    <subfield code="p">B-310265</subfield>
    <subfield code="r">2023-05-18 00:00:00</subfield>
    <subfield code="s">2023-05-08</subfield>
    <subfield code="t">1</subfield>
    <subfield code="v">395.00</subfield>
    <subfield code="w">2009-04-16</subfield>
    <subfield code="y">EN</subfield>
  </datafield>
  <datafield tag="952" ind1=" " ind2=" ">
    <subfield code="0">0</subfield>
    <subfield code="1">0</subfield>
    <subfield code="2">ddc</subfield>
    <subfield code="4">0</subfield>
    <subfield code="7">0</subfield>
    <subfield code="8">NFIC</subfield>
    <subfield code="a">PR</subfield>
    <subfield code="b">PR</subfield>
    <subfield code="d">2009-04-16</subfield>
    <subfield code="e">GDMK /113 /12.1.09 /233 /12.12.08 /13.1.09</subfield>
    <subfield code="g">395.00</subfield>
    <subfield code="l">0</subfield>
    <subfield code="o">954 BAS</subfield>
    <subfield code="p">B-310266</subfield>
    <subfield code="r">2009-04-16 00:00:00</subfield>
    <subfield code="t">1</subfield>
    <subfield code="v">395.00</subfield>
    <subfield code="w">2009-04-16</subfield>
    <subfield code="y">EN</subfield>
  </datafield>
  <datafield tag="952" ind1=" " ind2=" ">
    <subfield code="0">0</subfield>
    <subfield code="1">0</subfield>
    <subfield code="2">ddc</subfield>
    <subfield code="4">0</subfield>
    <subfield code="7">0</subfield>
    <subfield code="8">NFIC</subfield>
    <subfield code="a">ZLS</subfield>
    <subfield code="b">ZLS</subfield>
    <subfield code="d">2009-04-16</subfield>
    <subfield code="e">GDMK /113 /12.1.09 /233 /12.12.08 /13.1.09</subfield>
    <subfield code="g">395.00</subfield>
    <subfield code="l">17</subfield>
    <subfield code="m">7</subfield>
    <subfield code="o">954 BAS</subfield>
    <subfield code="p">B-310267</subfield>
    <subfield code="r">2018-02-16 00:00:00</subfield>
    <subfield code="s">2018-01-05</subfield>
    <subfield code="t">1</subfield>
    <subfield code="v">395.00</subfield>
    <subfield code="w">2009-04-16</subfield>
    <subfield code="y">EN</subfield>
  </datafield>
  <datafield tag="952" ind1=" " ind2=" ">
    <subfield code="0">0</subfield>
    <subfield code="1">0</subfield>
    <subfield code="2">ddc</subfield>
    <subfield code="4">0</subfield>
    <subfield code="7">0</subfield>
    <subfield code="8">NFIC</subfield>
    <subfield code="a">RKP</subfield>
    <subfield code="b">RKP</subfield>
    <subfield code="d">2009-04-16</subfield>
    <subfield code="e">GDMK /113 /12.1.09 /233 /12.12.08 /13.1.09</subfield>
    <subfield code="g">395.00</subfield>
    <subfield code="l">4</subfield>
    <subfield code="m">4</subfield>
    <subfield code="o">954 BAS</subfield>
    <subfield code="p">B-310268</subfield>
    <subfield code="r">2024-11-30 00:00:00</subfield>
    <subfield code="s">2024-11-16</subfield>
    <subfield code="t">1</subfield>
    <subfield code="v">395.00</subfield>
    <subfield code="w">2009-04-16</subfield>
    <subfield code="y">EN</subfield>
  </datafield>
  <datafield tag="952" ind1=" " ind2=" ">
    <subfield code="0">0</subfield>
    <subfield code="1">0</subfield>
    <subfield code="2">ddc</subfield>
    <subfield code="4">0</subfield>
    <subfield code="7">0</subfield>
    <subfield code="8">NFIC</subfield>
    <subfield code="a">VP</subfield>
    <subfield code="b">VP</subfield>
    <subfield code="d">2009-04-16</subfield>
    <subfield code="e">GDMK /113 /12.1.09 /233 /12.12.08 /13.1.09</subfield>
    <subfield code="g">395.00</subfield>
    <subfield code="l">3</subfield>
    <subfield code="o">954 BAS</subfield>
    <subfield code="p">B-310269</subfield>
    <subfield code="r">2013-01-19 00:00:00</subfield>
    <subfield code="s">2013-01-17</subfield>
    <subfield code="t">1</subfield>
    <subfield code="v">395.00</subfield>
    <subfield code="w">2009-04-16</subfield>
    <subfield code="y">EN</subfield>
  </datafield>
  <datafield tag="952" ind1=" " ind2=" ">
    <subfield code="0">0</subfield>
    <subfield code="1">0</subfield>
    <subfield code="2">ddc</subfield>
    <subfield code="4">0</subfield>
    <subfield code="7">0</subfield>
    <subfield code="8">NFIC</subfield>
    <subfield code="a">BL3</subfield>
    <subfield code="b">BL3</subfield>
    <subfield code="d">2009-04-16</subfield>
    <subfield code="e">GDMK /113 /12.1.09 /233 /12.12.08 /13.1.09</subfield>
    <subfield code="g">395.00</subfield>
    <subfield code="l">0</subfield>
    <subfield code="o">954 BAS</subfield>
    <subfield code="p">B-310270</subfield>
    <subfield code="r">2009-04-16 00:00:00</subfield>
    <subfield code="t">1</subfield>
    <subfield code="v">395.00</subfield>
    <subfield code="w">2009-04-16</subfield>
    <subfield code="y">EN</subfield>
  </datafield>
  <datafield tag="952" ind1=" " ind2=" ">
    <subfield code="0">0</subfield>
    <subfield code="1">0</subfield>
    <subfield code="2">ddc</subfield>
    <subfield code="4">0</subfield>
    <subfield code="7">0</subfield>
    <subfield code="8">NFIC</subfield>
    <subfield code="a">BL4</subfield>
    <subfield code="b">BL4</subfield>
    <subfield code="d">2009-04-16</subfield>
    <subfield code="e">GDMK /113 /12.1.09 /233 /12.12.08 /13.1.09</subfield>
    <subfield code="g">395.00</subfield>
    <subfield code="l">0</subfield>
    <subfield code="o">954 BAS</subfield>
    <subfield code="p">B-310271</subfield>
    <subfield code="r">2009-04-16 00:00:00</subfield>
    <subfield code="t">1</subfield>
    <subfield code="v">395.00</subfield>
    <subfield code="w">2009-04-16</subfield>
    <subfield code="y">EN</subfield>
  </datafield>
  <datafield tag="952" ind1=" " ind2=" ">
    <subfield code="0">0</subfield>
    <subfield code="1">0</subfield>
    <subfield code="2">ddc</subfield>
    <subfield code="4">0</subfield>
    <subfield code="7">0</subfield>
    <subfield code="8">NFIC</subfield>
    <subfield code="a">JP</subfield>
    <subfield code="b">JP</subfield>
    <subfield code="d">2009-10-01</subfield>
    <subfield code="e">GDMK/084/26.9.09/98/4.9.09/26.9.09</subfield>
    <subfield code="g">395.00</subfield>
    <subfield code="l">26</subfield>
    <subfield code="m">8</subfield>
    <subfield code="o">954 BAS</subfield>
    <subfield code="p">B-359064</subfield>
    <subfield code="r">2021-11-13 00:00:00</subfield>
    <subfield code="s">2021-11-09</subfield>
    <subfield code="t">1</subfield>
    <subfield code="v">395.00</subfield>
    <subfield code="w">2009-10-01</subfield>
    <subfield code="y">EN</subfield>
  </datafield>
  <datafield tag="952" ind1=" " ind2=" ">
    <subfield code="0">0</subfield>
    <subfield code="1">0</subfield>
    <subfield code="4">0</subfield>
    <subfield code="7">0</subfield>
    <subfield code="8">NFIC</subfield>
    <subfield code="a">BL1</subfield>
    <subfield code="b">BL1</subfield>
    <subfield code="d">2018-10-18</subfield>
    <subfield code="e">RK Books/IN1915/18-19/13-10-18/532/04-10-18/15-10-18</subfield>
    <subfield code="g">599.00</subfield>
    <subfield code="l">6</subfield>
    <subfield code="m">3</subfield>
    <subfield code="o">954 BAS</subfield>
    <subfield code="p">B-710582</subfield>
    <subfield code="r">2022-07-27 00:00:00</subfield>
    <subfield code="s">2022-07-05</subfield>
    <subfield code="t">1</subfield>
    <subfield code="v">599.00</subfield>
    <subfield code="w">2018-10-18</subfield>
    <subfield code="y">EN</subfield>
  </datafield>
  <datafield tag="952" ind1=" " ind2=" ">
    <subfield code="0">0</subfield>
    <subfield code="1">0</subfield>
    <subfield code="4">0</subfield>
    <subfield code="7">0</subfield>
    <subfield code="8">NFIC</subfield>
    <subfield code="a">ZLS</subfield>
    <subfield code="b">ZLS</subfield>
    <subfield code="d">2019-04-01</subfield>
    <subfield code="e">Aksharesh Enterprises/0012/27-03-19/720/16-03-19/29-03-19 </subfield>
    <subfield code="g">599.00</subfield>
    <subfield code="l">13</subfield>
    <subfield code="m">14</subfield>
    <subfield code="o">954 BAS</subfield>
    <subfield code="p">B-719516</subfield>
    <subfield code="r">2021-03-16 00:00:00</subfield>
    <subfield code="s">2021-02-15</subfield>
    <subfield code="t">1</subfield>
    <subfield code="v">599.00</subfield>
    <subfield code="w">2019-04-01</subfield>
    <subfield code="y">EN</subfield>
  </datafield>
  <datafield tag="952" ind1=" " ind2=" ">
    <subfield code="0">0</subfield>
    <subfield code="1">0</subfield>
    <subfield code="4">0</subfield>
    <subfield code="7">0</subfield>
    <subfield code="8">NFIC</subfield>
    <subfield code="a">BL1</subfield>
    <subfield code="b">BL1</subfield>
    <subfield code="d">2019-05-13</subfield>
    <subfield code="e">Aksharesh Enterprises/0016/06-05-19/04/23-04-19/08-05-19</subfield>
    <subfield code="g">599.00</subfield>
    <subfield code="l">16</subfield>
    <subfield code="m">21</subfield>
    <subfield code="o">954 BAS</subfield>
    <subfield code="p">B-728295</subfield>
    <subfield code="r">2024-12-14 00:00:00</subfield>
    <subfield code="s">2024-11-13</subfield>
    <subfield code="t">1</subfield>
    <subfield code="v">599.00</subfield>
    <subfield code="w">2019-05-13</subfield>
    <subfield code="y">EN</subfield>
  </datafield>
</record>
